01357nas a2200325 4500001001300000003000900013005001700022007000300039008003400042040005400076041000900130072000800139100001800147100001700165100001800182100001900200245014700219246016600366650001500532650002100547650002700568650001700595650000600612773009800618856008100716909004000797942001800837999001900855952015700874BR2013006568BR-BrBNA20231205122806.0ta230509b bl.|||p| |||| 00| 00por d aBR-BrBNAbporcBiblioteca Nacional de Agricultura a(Pt) aF701 aSteenbock, W.1 aSiminski, A.1 aFantini, A.C.1 aReis, M.S. dos1 aOcorrência da bracatinga (Mimosa scabrella BENTH.)em bracatingais manejados e em florestas secundárias na região do planalto catarinense1 aOccurrence of bracatinga (Mimosa scabrella Benth.)in bracatinga traditional management system (bracatingais)and secondary forests in santa catarina state plateau aBRACATINGA aMIMOSA SCABRELLA aINVENTÁRIO FLORESTAL aLEVANTAMENTO a 0 tRevista Árvore (Brazil)xISSN 0100-6762 g(Jul-Aug 2011), v. 35(4) p. 845-857wBR20130065684 uhttp://www.scielo.br/pdf/rarv/v35n4/a10v35n4.pdfyRecurso eletrônico (PDF) a202311bLúciac55dLúcia Elande 2AGRISn0cANA c230579d230579 002AGRIS4071a41918b41918cPeriódicos Agrícolash(Jul-Aug 2011), v. 35(4) p. 845-857l0r2023-11-29t01yCRePortaria Interministerial nº 164/94